书目信息 |
| 题名: |
大学数学辅导与考研指导
|
|
| 作者: | 刘光祖 , 卢恩双 主编 | |
| 分册: | ||
| 出版信息: | 北京 科学出版社 2002.7 |
|
| 页数: | 627页 | |
| 开本: | 24cm | |
| 丛书名: | 大学数学习题精解系列 | |
| 单 册: | ||
| 中图分类: | O13 | |
| 科图分类: | ||
| 主题词: | 高等数学--gao deng shu xue--研究生--入学考试--自学参考资料 | |
| 电子资源: | ||
| ISBN: | 7-03-010447-1 | |
| 000 | 01076nam 2200301 450 | |
| 001 | CAL 012002181473 | |
| 005 | 20041227083259.4 | |
| 010 | @a7-03-010447-1@d40.00CNY | |
| 099 | @aCAL 012002181473 | |
| 100 | @a20020814d2002 ekmy0chiy0121 ea | |
| 101 | 0 | @achi |
| 102 | @aCN@b110000 | |
| 105 | @aak z 000yy | |
| 200 | 1 | @a大学数学辅导与考研指导@Ada xue shu xue fu dao yu kao yan zhi dao@f刘光祖, 卢恩双主编 |
| 210 | @a北京@c科学出版社@d2002.7 | |
| 215 | @a627页@c图@d24cm | |
| 225 | 2 | @a大学数学习题精解系列@Ada xue shu xue xi ti jing jie xi lie@e科学版 |
| 330 | @a本书内容包括: 高等数学、线性代数、概率论与数理统计初步, 各章结构为: 内容概要, 答疑及典型例题解析, 考研试题集粹, 综合练习题及答案, 书末附有若干附录 | |
| 333 | @a大学生 | |
| 410 | 0 | @12001 @a大学数学习题精解系列 |
| 606 | 0 | @a高等数学@Agao deng shu xue@x研究生@x入学考试@j自学参考资料 |
| 690 | @aO13@v4 | |
| 701 | 0 | @a刘光祖@Aliu guang zu@4主编 |
| 701 | 0 | @a卢恩双@Alu en shuang@4主编 |
| 801 | 0 | @aCN@bBJP@c20020814 |
| 905 | @a10447@dO13@eL610 | |
| 906 | @dCNY40.00@n0@r1 | |
| 998 | @aBJP | |
| 大学数学辅导与考研指导/刘光祖, 卢恩双主编.-北京:科学出版社,2002.7 |
| 627页:图;24cm.-(大学数学习题精解系列:科学版) |
| 使用对象:大学生 |
| ISBN 7-03-010447-1:40.00CNY |
| 本书内容包括: 高等数学、线性代数、概率论与数理统计初步, 各章结构为: 内容概要, 答疑及典型例题解析, 考研试题集粹, 综合练习题及答案, 书末附有若干附录 |
| ● |
| 相关链接 |
|
|
|
正题名:大学数学辅导与考研指导
索取号:O13/L610
 
预约/预借
| 序号 | 登录号 | 条形码 | 馆藏地/架位号 | 状态 | 备注 |
| 1 | 537138 | 205371382 | 自科库401/401自科库 106排7列3层/ [索取号:O13/L610] | 在馆 | |
| 2 | 537139 | 205371391 | 自科库401/401自科库 106排7列3层/ [索取号:O13/L610] | 在馆 | |
| 3 | 537140 | 205371408 | 自科库401/401自科库 106排7列3层/ [索取号:O13/L610] | 在馆 | |
| 4 | 545761 | 205457619 | 自科二线504/110考试书库 8排2列3层/ [索取号:O13/L610] | 在馆 | |
| 5 | 545762 | 205457628 | 自科二线504/504自科库 42排1列4层/ [索取号:O13/L610] | 在馆 | |
| 6 | 545763 | 205457637 | 自科库401/ [索取号:O13/L610] | 在馆 |